Filosofia y ciencia social : la actualidad de la 'Escuela de Francfort' / por Ignacio Sotelo la actualidad de la 'Escuela de Francfort' / por Ignacio Sotelo
Descripción Física:
38 p. ; 21 cm
MARC
| LEADER | 00000nam a2200000Ia 4500 | ||
|---|---|---|---|
| 001 | 16372 | ||
| 008 | 160829s1989 xx 000 0 cat d | ||
| 080 | |a FU-41-47 | ||
| 100 | |a Sotelo, Ignacio |9 28518 | ||
| 245 | |a Filosofia y ciencia social : |b la actualidad de la 'Escuela de Francfort' / por Ignacio Sotelo | ||
| 260 | |a Barcelona : |b Institut de Ciències Polítiques i Socials, |c 1989 | ||
| 300 | |a 38 p. ; |c 21 cm | ||
| 490 | |a Working papers / Institut de Ciències Polítiques i Socials ; [2] | ||
| 590 | |a Referències bibliogràfiques | ||
| 650 | |a Escola de Frankfurt |9 28519 | ||
| 650 | |a Ciències socials |x Filosofia |9 28520 | ||
| 710 | 2 | |a Institut de Ciències Polítiques i Socials (Barcelona, Catalunya) |9 55871 | |
| 901 | |a Arxiu | ||
| 942 | |n 1 | ||
| 952 | |0 0 |1 0 |4 0 |6 FU4147 |7 1 |9 44848 |a Arxiu |b Arxiu |d 2016-12-01 |l 0 |o FU-41-47 |p 16372 |r 2016-12-01 00:00:00 |w 2016-12-01 |y ARXIU | ||
| 999 | |c 47446 |d 47446 | ||